Les possibilités de promotion des petites exploitations agricoles dans la province Atlantique (R.P. Bénin) : Etude préparée pour le projet CARDER Atlantique (GTZ) (Record no. 25021)
[ view plain ]
| 000 -LEADER | |
|---|---|
| fixed length control field | 00627 a2200229 4500 |
| 020 ## - NUMERO INTERNATIONAL NORMALISE DES LIVRES | |
| International Standard Book Number | 3-924333-60-2 |
| 100 ## - VEDETTE PRINCIPALE - NOM DE PERSONNE | |
| Personal name | BREMER, Frank |
| 130 ## - VEDETTE PRINCIPALE - TITRE UNIFORME | |
| Language of a work | Fr |
| 260 ## - PUBLICATION, DISTRIBUTION, ETC. (IMPRINT) | |
| Place of publication, distribution, etc | Berlin |
| 260 ## - PUBLICATION, DISTRIBUTION, ETC. (IMPRINT) | |
| Name of publisher, distributor, etc | FIA |
| 245 ## - TITLE STATEMENT | |
| Title | Les possibilités de promotion des petites exploitations agricoles dans la province Atlantique (R.P. Bénin) : Etude préparée pour le projet CARDER Atlantique (GTZ) |
| 260 ## - PUBLICATION, DISTRIBUTION, ETC. (IMPRINT) | |
| Date of publication, distribution, etc | 1986 |
| 300 ## - PHYSICAL DESCRIPTION | |
| Extent | X-185p. |
| 300 ## - PHYSICAL DESCRIPTION | |
| Other physical details | ill. |
| 440 ## - SERIES STATEMENT/ADDED ENTRY--TITLE | |
| Number of part/section of a work | 94 |
| 440 ## - SERIES STATEMENT/ADDED ENTRY--TITLE | |
| Title | Schriftenreihe des Fachbereichs |
| 440 ## - SERIES STATEMENT/ADDED ENTRY--TITLE | |
| International Standard Serial Number | 0177-6673 |
| 651 ## - SUBJECT ADDED ENTRY--GEOGRAPHIC NAME | |
| Geographic name | Bénin |
| 690 ## - LOCAL SUBJECT ADDED ENTRY--TOPICAL TERM (OCLC, RLIN) | |
| Topical term or geographic name as entry element | petite exploitation agricole |
| Withdrawn status | Lost status | Damaged status | Not for loan | Location (home branch) | Sublocation or collection (holding branch) | Date acquired | Koha issues (times borrowed) | Koha full call number | Koha date last seen | Copy number | Price effective from | Koha item type | Public note |
|---|---|---|---|---|---|---|---|---|---|---|---|---|---|
| Bibliothèque-Centre de Documentation de la Faculté des Sciences Agronomiques | Bibliothèque-Centre de Documentation de la Faculté des Sciences Agronomiques | 62.ESR.10 | 28/02/2009 | 1 | 28/02/2009 | Livre | A.6293 |